Guess The Rock Artist - Statistics

General Stats
  • This quiz has been taken 45 times
  • The average score is 10 of 16
Answer Stats
Picture Answer % Correct
Elvis Presley
95%
Freddie Mercury
90%
David Bowie
86%
Kurt Cobain
86%
Paul McCartney
83%
Jimi Hendrix
81%
Ozzy Osbourne
79%
Mick Jagger
76%
Billie Joe Armstrong
60%
Brian May
57%
Dave Grohl
55%
Jared Leto
52%
Stevie Nicks
48%
Chester Bennington
40%
Hayley Williams
17%
Oliver Sykes
2%
No matching quizzes found
Score Distribution
Percent of People with Each Score
Percentile by Number Answered
Your Score History
You have not taken this quiz